Vincitori Champions League per Anno - Statistics

Statistiche generali
  • Questo quiz è stato fatto 131 volte
    17 dall'ultimo reset
  • Il punteggio medio è 24 su 70
Statistiche sulle risposte
Hint Risposta % Corretto
1955–56 Real Madrid
85%
1956–57 Real Madrid
85%
1957–58 Real Madrid
85%
1958–59 Real Madrid
85%
1959–60 Real Madrid
77%
1963–64 Inter
54%
1964–65 Inter
54%
2009–10 Inter
54%
2024-25 Paris Saint-Germain
54%
2008–09 Barcellona
46%
2014–15 Barcellona
46%
1960–61 Benfica
46%
1961–62 Benfica
46%
2016–17 Real Madrid
46%
2012–13 Bayern Monaco
38%
1996–97 Borussia Dortmund
38%
1984–85 Juventus
38%
1995–96 Juventus
38%
2004–05 Liverpool
38%
2022–23 Manchester City
38%
1962–63 Milan
38%
1988–89 Milan
38%
1993–94 Milan
38%
2002–03 Milan
38%
2006–07 Milan
38%
2003–04 Porto
38%
1997–98 Real Madrid
38%
2013–14 Real Madrid
38%
2015–16 Real Madrid
38%
2017–18 Real Madrid
38%
1994–95 Ajax
31%
1981–82 Aston Villa
31%
2005–06 Barcellona
31%
2020–21 Chelsea
31%
1977–78 Liverpool
31%
2018–19 Liverpool
31%
1998–99 Manchester United
31%
2007–08 Manchester United
31%
1968–69 Milan
31%
1992–93 Olympique Marsiglia
31%
2001–02 Real Madrid
31%
2021–22 Real Madrid
31%
2023–24 Real Madrid
31%
1970–71 Ajax
23%
1971–72 Ajax
23%
1972–73 Ajax
23%
1982–83 Amburgo
23%
2010–11 Barcellona
23%
1973–74 Bayern Monaco
23%
1974–75 Bayern Monaco
23%
2000–01 Bayern Monaco
23%
2019–20 Bayern Monaco
23%
2011–12 Chelsea
23%
1976–77 Liverpool
23%
1983–84 Liverpool
23%
1967–68 Manchester United
23%
1989–90 Milan
23%
1978–79 Nottingham Forest
23%
1975–76 Bayern Monaco
15%
1966–67 Celtic
15%
1969–70 Feyenoord
15%
1980–81 Liverpool
15%
1979–80 Nottingham Forest
15%
1987–88 PSV Eindhoven
15%
1999-00 Real Madrid
15%
1985–86 Steaua Bucearst
15%
1990–91 Stella Rossa Belgrado
15%
1991–92 Barcellona
8%
1986–87 Porto
8%
1965–66 Real Madrid
8%
Nessun quiz corrispondente trovato
Distribuzione punteggi
Percentuale di utenti per punteggio
Percentile per numero di risposta
I tuoi punteggi nel tempo
Non hai fatto questo quiz dall'ultimo reset